000 00956nam a2200301 a 4500
001 vtls000921515
003 NLI
005 20210627090600.0
008 110906s1915 enk 000 0 eng
039 9 _y201109061819
_zVargis_01
040 0 _aNLI
_beng
_cVergis_S
_eAACR2
041 0 _aeng
044 _aenk
084 _a157
130 0 _aHavelok the Dane.
_9878470
245 1 4 _aThe lay of Havelok the Dane /
_cedited by by Walter W. Skeat and Kenneth Sisam
250 _a2nd ed., rev.
260 _aOxford :
_bClarendon Press,
_c1915
300 _a149 p. ;
_c18 cm.
650 0 _aHavelok the Dane (Legendary character)
_xRomances
_9878471
700 1 _aSisam, Kenneth,
_4edt
_9846983
700 1 _aSkeat, Walter W.
_q(Walter William), d 1835-1912,
_4edt
_9878472
887 _a
901 _aIMP81351 ;
_b30.12.2010
902 _a157 E 141
949 _AVIRTUAITEM
_D10000
_X100
_6IMP000081351ENG
942 _2ddc
_cBKS
999 _aVIRTUA
_c758043
_d758043